| 000 | 00773nac a22002537a 4500 | ||
|---|---|---|---|
| 001 | BR6005069 | ||
| 003 | BR-BrBNA | ||
| 005 | 20240105121734.0 | ||
| 008 | 230509b bl.|||m| |||| 00| 0 por d | ||
| 040 |
_aBR-BrBNA _bpor _cBiblioteca Nacional de Agricultura |
||
| 072 | _aL10 | ||
| 090 | _a5212 BR6005069 | ||
| 100 | 1 | _aAroeira, A.D.C. | |
| 110 | 1 |
_aInstituto de Zootecnia, Rio de Janeiro, GB (Brasil) _96282 |
|
| 245 | 1 | _aVerificacao da gravidez em vacas abatidas em matadouro | |
| 260 | 3 |
_aRio de Janeiro, GB (Brasil): _c1958. |
|
| 300 | _a8 p. | ||
| 490 |
_aPublicacao - Instituto de Zootecnia (Brazil) _vno. 21 _x |
||
| 650 | _aVaca | ||
| 650 | _aPrenhez | ||
| 650 | _aAbatedouro | ||
| 909 |
_a202312 _bLúcia Elande _c55 _dLúcia Elande |
||
| 942 |
_2AGRIS _n0 _cMS |
||
| 999 |
_c287149 _d287149 |
||